Normal view
MARC view
- Frías y Soto, Hilarión,
Entry Nombre Personal
001 - NUMERO DE CONTROL
- campo de control: 51485
003 - IDENTIFICADOR DE NUMERO DE CONTROL
- campo de control: UPN
005 - FECHA Y HORA DE LA ÜLTIMA TRANSACCIÓN
- campo de control: 20240410100709.0
008 - DATOS DE LONGITUD FIJA
- campo de control de longitud fija: 240410|| aca||aabn | aaa d
040 ## - FUENTE DE CATALOGACIÓN
- Agencia original de catalogación: MX-MxUPN
- Lenguaje de catalogación: spa
- Agencia de transcripción: MX-MxUPN
046 ## - FECHAS CON CODIFICACIÓN ESPECIAL
- Fuente del formato de fecha: $naf
- Fecha de nacimiento: 18311020
- Fecha de muerte: 1905
100 1# - ENCABEZAMIENTO - NOMBRE PERSONAL
- Nombre personal: Frías y Soto, Hilarión,
- Fechas asociadas con el nombre: 1831-1905
370 ## - LUGAR ASOCIADO
- Fuente del término: $naf
- Place of birth: Querétaro (Mexico)
- Associated country: México
374 ## - OCUPACIÓN
- Occupation: Traductor
670 ## - FUENTE EN LA QUE SE LOCALIZARON DATOS
- Cita de la fuente: LC, 10 abril 2024:
- Información localizada: (Frías y Soto, Hilarión)
- Uniform Resource Identifier: https://lccn.loc.gov/n87864664
670 ## - FUENTE EN LA QUE SE LOCALIZARON DATOS
- Cita de la fuente: Elevación y caída del emperador Maximiliano : intervención francesa en México 1861-1867, 1870:
- Información localizada: portada (traducida por Hilarion Frias y Soto)
902 ## - CATALOGADOR
- Catalogador: MaríaRobles/100424
